| 000 | 00695nam a2200217 i 4500 | ||
|---|---|---|---|
| 001 | 27920 | ||
| 003 | ES-MaACL | ||
| 005 | 20250630151118.0 | ||
| 007 | t| | ||
| 008 | 030115s1931 sp ||||1| spa d | ||
| 080 | _a821.134.2-31"19" | ||
| 100 | 1 |
_aBacarisse, Mauricio, _d1895-1931 _924439 |
|
| 245 | 1 | 4 |
_aLos terribles amores de Agliberto y Celedonia _b: novela / _cMauricio Bacarisse. |
| 260 |
_aMadrid : _bEspasa-Calpe, _c1931. |
||
| 300 |
_a346 p. ; _c20 cm. |
||
| 530 | _aDisponible en formato digital. | ||
| 852 | 4 |
_aES-MaACL _jA-661 _cSPP1 |
|
| 856 | 4 |
_uhttp://bdh-rd.bne.es/viewer.vm?id=0000187567&page=1 _yBiblioteca Digital Hispánica |
|
| 942 | _2udc | ||
| 999 |
_c27920 _d27920 |
||